书目信息 |
| 题名: |
数字水深优化建模及滚动球处理技术研究
|
|
| 作者: | 董箭 著 | |
| 分册: | ||
| 出版信息: | 北京 测绘出版社 2020.06 |
|
| 页数: | 205页 | |
| 开本: | 24cm | |
| 丛书名: | ||
| 单 册: | ||
| 中图分类: | P229 | |
| 科图分类: | ||
| 主题词: | 海洋测量--hai yang ce liang--系统建模--研究 | |
| 电子资源: | ||
| ISBN: | 978-7-5030-4279-9 | |
| 000 | 01452nam0 2200277 450 | |
| 001 | 2132800761 | |
| 005 | 20210603105901.7 | |
| 010 | @a978-7-5030-4279-9@dCNY85.00 | |
| 100 | @a20210602d2020 em y0chiy0120 ea | |
| 101 | 0 | @achi@eeng |
| 102 | @aCN@b110000 | |
| 105 | @aak a 000yy | |
| 106 | @ar | |
| 200 | 1 | @a数字水深优化建模及滚动球处理技术研究@Ashu zi shui shen you hua jian mo ji gun dong qiu chu li ji shu yan jiu@d= Research on optimization digital depth modeling and rolling ball transform processing@f董箭 ... [等] 著@zeng |
| 210 | @a北京@c测绘出版社@d2020.06 | |
| 215 | @a205页@c彩图@d24cm | |
| 300 | @a测绘地理信息科技出版资金资助 | |
| 304 | @a题名页题其余责任者: 彭认灿, 张立华, 贾帅东, 张志衡, 王涛等 | |
| 320 | @a有书目 (第197-205页) | |
| 330 | @a本书在系统梳理数字水深模型构建关键技术的基础上, 创新性地将滚动球变换应用于数字水深模型的地形形态分析与控制中, 对精确表达海底地形和保证舰船航行安全的数字水深模型构建方法进行了深人研究, 形成了较为完善的数字水深模型构建理论与方法体系, 为我国标准化、规范化海底地形建模提供了参考借鉴, 为海洋国土权益维护、海洋资源开发、地学研究及海战场环境建设、武器装备使用等提供了相关理论与技术支持。 | |
| 510 | 1 | @aResearch on optimization digital depth modeling and rolling ball transform processing@zeng |
| 606 | 0 | @a海洋测量@Ahai yang ce liang@x系统建模@x研究 |
| 690 | @aP229@v5 | |
| 701 | 0 | @a董箭@Adong jian@4著 |
| 801 | 0 | @aCN@b人天书店@c20210602 |
| 905 | @aTSG@b0000062@dP229@eD705@f2 | |
| 数字水深优化建模及滚动球处理技术研究= Research on optimization digital depth modeling and rolling ball transform processing/董箭 ... [等] 著.-北京:测绘出版社,2020.06 |
| 205页:彩图;24cm |
| 测绘地理信息科技出版资金资助 |
| ISBN 978-7-5030-4279-9:CNY85.00 |
| 本书在系统梳理数字水深模型构建关键技术的基础上, 创新性地将滚动球变换应用于数字水深模型的地形形态分析与控制中, 对精确表达海底地形和保证舰船航行安全的数字水深模型构建方法进行了深人研究, 形成了较为完善的数字水深模型构建理论与方法体系, 为我国标准化、规范化海底地形建模提供了参考借鉴, 为海洋国土权益维护、海洋资源开发、地学研究及海战场环境建设、武器装备使用等提供了相关理论与技术支持。 |
| ● |
| 相关链接 |
|
|
|
正题名:数字水深优化建模及滚动球处理技术研究
索取号:P229/D705
 
预约/预借
| 序号 | 登录号 | 条形码 | 馆藏地/架位号 | 状态 | 备注 |
| 1 | 1534894 | 215348942 | 自科库401/401自科库 123排1列3层/ [索取号:P229/D705] | 在馆 | |
| 2 | 1534934 | 215349344 | 自科库401/401自科库 123排1列3层/ [索取号:P229/D705] | 在馆 |